000 00594nam a2200193Ia 4500
003 OSt
005 20200728130111.0
008 191128s2014 nyuao gr 000 0 eng d
040 _aCO-JMCR
_cCO-JMCR
041 0 _aeng
082 0 4 _a332 /
_bB828p
_223
245 0 _aPredictions 2015 :
_bAnimals spirits and crisis ghosts/
260 _aNew york :
_bRuters,
_c2014.
300 _a72 Páginas :
_bfotografĂ­as a color ;
_c21 cm.
505 0 _aoldwounds -- Changing times -- Fresh chanllengs -- New beginnings
650 1 4 _aChanging times
_97977
650 2 4 _abeginnings
_97978
942 _2ddc
_cBK
999 _c3917
_d3917